01441 a2200157 4500003000500000005001700005040000900022082001500031100002100046245014200067260004000209300001200249505097500261600001901236650002801255NUST20230126190619.0 cNust a901.22,SPE aSpengler, Oswald aThe decline of the West:ban abridged edition /cedition by Helmut Werner Arthur Helps from the translation by Charles Francis Atkinson. aIslamabadbNational Book Foundation a414 p.; aIntroduction (Page-3), The Meaning of Numbers (Page-41), The Problem of World-History (Page-70), Makrokosmos The Symbolism of the world-picture and the Space-problem (Page-87), Makrokosmos: Apollinian Faustian and Magian Soul (Page-97), Music and Plastic the Arts of Form (Page-115), Music and Plastic Act and Portrait (Page-135), Soul-Image and Life-Feeling on the form of the Soul (Page-159), Soul Image and Life-Feeling Buddhism Stoicism Socialism (Page-176), Faustian and Appollinian Nature Knowledge (Page-188), Faustian and Appollinian Nature Knowledge (Page-188), Origin and landscape (Page-226), Origin and Landscape (Page-230), Cities and Peoples (Page-245), Problems of the Arabian Culture Historic Pseudomorphoses (Page-268), Problems of the Arabian Culturre (Page-299), The State the problem (Page-354), State and History (Page-360), Philosophy of politics (Page-382), The Form World of Economic Life (Page-398), The Form World of Economic Life (Page-409).  a Helmut Werner aThe decline of the West